Two Shall be One / (Record no. 3318)

MARC details
000 -LEADER
fixed length control field 00450nam a2200181Ia 4500
003 - CONTROL NUMBER IDENTIFIER
control field GBCCL
005 - DATE AND TIME OF LATEST TRANSACTION
control field 20241126110452.0
008 - FIXED-LENGTH DATA ELEMENTS--GENERAL INFORMATION
fixed length control field 171124b xxu||||| |||| 00| 0 eng d
020 ## - INTERNATIONAL STANDARD BOOK NUMBER
International Standard Book Number 0883681846
040 ## - CATALOGING SOURCE
Transcribing agency gbc
082 ## - DEWEY DECIMAL CLASSIFICATION NUMBER
Classification number 306.8
Item number WAR
100 ## - MAIN ENTRY--PERSONAL NAME
Personal name Ward, C. M.
9 (RLIN) 6809
245 ## - TITLE STATEMENT
Title Two Shall be One /
Statement of responsibility, etc. C. M. Ward
260 ## - PUBLICATION, DISTRIBUTION, ETC.
Name of publisher, distributor, etc. Whitaker House,
Place of publication, distribution, etc. Pennsylvania:
Date of publication, distribution, etc. 1986
300 ## - PHYSICAL DESCRIPTION
Extent 146p.;
Dimensions 18 cm.
650 ## - SUBJECT ADDED ENTRY--TOPICAL TERM
Topical term or geographic name entry element Marriage
9 (RLIN) 2123
942 ## - ADDED ENTRY ELEMENTS (KOHA)
Source of classification or shelving scheme Dewey Decimal Classification
Koha item type Books
Koha issues (borrowed), all copies 7
Holdings
Withdrawn status Lost status Source of classification or shelving scheme Damaged status Not for loan Home library Current Library Shelving location Date acquired Total checkouts Total renewals Full call number Barcode Date last seen Date last checked out Copy number Price effective from Koha item type
    Dewey Decimal Classification     GRACE BIBLE COLLEGE GRACE BIBLE COLLEGE General Studies 2017-11-24 4 1 306.8 WAR 003257 2025-05-01 2023-10-31 c.1 2017-11-24 Books
    Dewey Decimal Classification     GRACE BIBLE COLLEGE GRACE BIBLE COLLEGE General Studies 2017-11-24 3   306.8 WAR 003258 2025-05-01 2023-09-19 c.2 2017-11-24 Books
© Grace Bible College Library 2025